• 首页
  • 本馆介绍
  • 公告通知
  • 最新文献
  • 馆藏检索
  • 电子资源
  • 读者导购
  • 参考咨询
  • 我的图书馆
  • 登录
  • 详细信息显示
  • 放入我的书架
  • 预约/预借图书
  • 作者相关作品
  • 分类相关作品
  • 丛书相关作品
  • 出版社相关作品

书目信息

  • 表格格式
  • 工作单格式
  • 卡片格式
题名:
勒克莱齐奥与音乐
    
 
作者: 李明夏 著
分册:  
出版信息: 上海   上海大学出版社  2021.10
页数: 17, 204页
开本: 23cm
丛书名:
单 册:
中图分类: I565.074
科图分类:
主题词: 小说研究--xiao shuo yan jiu--法国--现代
电子资源:
ISBN: 978-7-5671-4353-1
000 01627nam0 2200301 450
001 CAL 004262170
005 20230217093113.0
010    @a978-7-5671-4353-1@dCNY68.00
100    @a20220318d2021 em y0chiy0120 ea
101 0  @achi
102    @aCN@b310000
105    @ay a 000yy
106    @ar
200 1  @a勒克莱齐奥与音乐@Ale ke lai qi ao yu yin yue@f李明夏著
210    @a上海@c上海大学出版社@d2021.10
215    @a17, 204页@d23cm
300    @a本书出版获中央高校基本科研业务费以及上海外国语大学学术著作出版资助 为上海市晨光计划项目“勒克莱齐奥作品的大众文化研究” 上海外国语大学校级青年科研项目“勒克莱齐奥作品的大众文化研究”的阶段性成果 并获得上海外国语大学青年教师科研创新团队资助, 项目名称”, 比较文学跨学科阅读的方法论构建”
312    @a英文题名取自封面
314    @a李明夏, 博士, 讲师。2017年获上海外国语大学法语语言文学博士学位、法国巴黎第八大学文学博士学位。主要研究方向为法国20世纪文学, 在《外国文学》、《中国比较文学》、等学术刊物上发表论文数篇。
320    @a有书目 (第191-202页)
330    @a本书的初衷, 正是填补勒克莱齐奥研究的这一空缺: 以作家的整体创作为研究对象, 通过解读不同作品中出现的各种类型的音乐, 挖掘它们在文本中的象征意义和美学启示, 从而探讨勒克莱齐奥选择引用音乐的原因和意义, 最终更全面、深入地理解作家的创作思想和精神世界。
510 1  @aMusic in the works of Jean-Marie Gustave Clezio@zeng
600  1 @a勒克莱齐奥@Ale ke lai qi ao@g(Le Clézio, Jean-Marie Gustave),@f1940-@x小说研究
606 0  @a小说研究@Axiao shuo yan jiu@y法国@z现代
690    @aI565.074@v5
701  0 @a李明夏@Ali ming xia@4著
801  0 @aCN@bBJXHZP@c20230228
905    @b1404645-8@dI565.074@e1035@f4
    
    勒克莱齐奥与音乐/李明夏著.-上海:上海大学出版社,2021.10
    17, 204页;23cm
    本书出版获中央高校基本科研业务费以及上海外国语大学学术著作出版资助 为上海市晨光计划项目“勒克莱齐奥作品的大众文化研究” 上海外国语大学校级青年科研项目“勒克莱齐奥作品的大众文化研究”的阶段性成果 并获得上海外国语大学青年教师科研创新团队资助, 项目名称”, 比较文学跨学科阅读的方法论构建”
    
    ISBN 978-7-5671-4353-1:CNY68.00
    本书的初衷, 正是填补勒克莱齐奥研究的这一空缺: 以作家的整体创作为研究对象, 通过解读不同作品中出现的各种类型的音乐, 挖掘它们在文本中的象征意义和美学启示, 从而探讨勒克莱齐奥选择引用音乐的原因和意义, 最终更全面、深入地理解作家的创作思想和精神世界。
●
相关链接 在E读中查询图书 在五车中查询图书 在当当中查询图书 在豆瓣中查询图书


正题名:勒克莱齐奥与音乐     索取号:I565.074/1035         预约/预借

序号 登录号 条形码 馆藏地/架位号 状态 备注
1 1404645   214046450   第一样本阅览室/ [索取号:I565.074/1035] 在馆    
2 1404646   214046469   第二借阅区/ [索取号:I565.074/1035] 在馆    
3 1404647   214046478   第二借阅区/ [索取号:I565.074/1035] 在馆    
4 1404648   214046487   第二借阅区/ [索取号:I565.074/1035] 在馆    
唐山师范学院图书馆 欢迎您!
大连网信软件有限公司© 版权所有